00663nam a2200193 b 4500003000500000005001700005008004100022020002600063040002400089041001400113082001200127100003500139245006200174260003700236300002300273942003400296999001900330952012000349322820251029124517.0210817s9999 xx e 000 1 AFR d a0868123056 (hardback) aMPLbengc3228eRDA aAfrikaans aAF MART aMartin, Wille 987648eauthor 0aVlug na die son /cWille Martin + Cover: Douw van Heerden aPretoriabBenedic Boekec© 1992 a140 Pages :c21 cm cBK2ddcy245zIzakina Blanche c192935d192933 00102ddc40708FaMIDDLbJERELcFICd2021-08-18oAF MARTp33228018081693r2021-08-18w2021-08-18yBKz93002380171